Právo EÚ verzus Európske právo?
Základný význam pojmu európske právo. Terminologická rozmanitosť pojmu.
Gespeichert in:
| 1. Verfasser: | |
|---|---|
| Format: | Buchkapitel |
| Sprache: | Slowakisch |
| Schlagworte: | |
| Tags: |
Keine Tags, Fügen Sie das erste Tag hinzu!
|
MARC
| LEADER | 00000naa$a2200000$$$4500 | ||
|---|---|---|---|
| 001 | 0053821 | ||
| 005 | 20240502071625.4 | ||
| 041 | 0 | |a slo | |
| 044 | |a SK | ||
| 245 | 1 | 0 | |a Právo EÚ verzus Európske právo? |c Peter Rusiňák |
| 520 | |a Základný význam pojmu európske právo. Terminologická rozmanitosť pojmu. | ||
| 610 | 2 | 0 | |a právo európske |
| 610 | 2 | 0 | |a pojmy |
| 610 | 2 | 0 | |a právo medzinárodné |
| 610 | 2 | 0 | |a terminológia |
| 610 | 2 | 0 | |a teórie právne |
| 610 | 2 | 0 | |a systémy právne |
| 100 | 1 | |a Rusiňák, Peter | |